000 00467nam a22001577a 4500
082 _a651.7
100 _aMehmood, Zainab
245 _aTHE IMPACT OF OPERATING LEVERAGE ON ASSET PRICING
_cZainab Mehmood.
260 _aIslamabad:
_bNBS - NUST,
_c2014.
300 _a34 p.: ill.;
_c30cm.
650 _aM Phil Thesis.
_919286
700 _aDr. Salim Batla.
_917547
942 _2ddc
_cTHE
999 _c527847
_d527847